01672nam a2200349 i 4500003000900000005001700009007000300026008004100029020001800070040003000088082001300118100003100131245021500162264004300377300002900420336002700449337003400476338002800510500005900538590002700597700004700624700004700671700004500718700006400763700003900827910001400866942001400880952013300894952013901027952013901166999001701305DO-SdBNP20240213091649.0ta240213s2023 dr 000 p spa d a9789945186642 aDO-SdBNPbspacBNPHUerda bR457222 aReyes Vargas, Julio95396610aPanales del madrigal /cJulio Reyes Vargas ; prólogo Sergio Morett Manjarrez ; opiniones de intelectuales Emma Rosa Gómez Haaz, Gloria Cordero Hache, Ramón de Jesús Hernández Olivares, Nilsa Castillo  1aSanto Domingo :bSoto Castillo,c2023. a148 páginas, c23 cm. 2rdacontentatextobtxt 2rdamediaasin mediación bn 2rdacarrieravolumenbnc aIncluye datos biográficos del autor en las solapas.  aInventariado, 2024/ YL1 aMorett Manjarrez, Sergioeprólogo9849051 aGómez Haaz, Emma Rosaeopinión 9849061 aCordero Hache, Gloriaeopinión 9849071 aHernández Olivares, Ramón de Jesúseopinión 9849081 aCastillo, Nilsaeopinión 984909 aYLockward 2ddccLBS1 00102ddc51708PDaBNPHUbBNPHUcCTd2023-10-17eJulio Reyes Vargasl0oBNPHU PD R457p2024-1052r2024-02-13w2024-02-13yLBS1 00102ddc51708PDaBNPHUbBNPHUcCTd2023-10-17eJulio Reyes Vargasl0oBNPHU PD R457p2024-1053r2024-02-13te. 2w2024-02-13yLBS1 00102ddc56708DSaBNPHUbBNPHUcCTd2023-10-17eJulio Reyes Vargasl0oBNPHU DS R457p2024-1054r2024-02-13te. 3w2024-02-13yLBS1 c55932d55932